000 00400nam a22001697a 4500
005 20160625165952.0
008 160625b xxu||||| |||| 00| 0 eng d
020 _a81-7522-174-7
041 _aeng
082 _b10248
100 _aThakur, Ravindra Nath
_92826
245 _aCharitra Puja (Bangla)
260 _bVishwabharti Shantiniketan
300 _a91
650 _aBangla
_92816
942 _cBK
999 _c4087
_d4086